| 000 | 02059nam a2200289Ia 4500 | ||
|---|---|---|---|
| 003 | Ost | ||
| 005 | 20260507074928.0 | ||
| 008 | 260507s9999||||xx |||||||||||||| ||und|| | ||
| 020 | _a9957114492 | ||
| 040 | _cfsecg | ||
| 041 | _aara | ||
| 082 | _a658.7 | ||
| 100 |
_aعقيلي، عمر وصفي _eمؤلف |
||
| 245 | 0 |
_aإدارة المواد : _bالشراء والتخزين من منظور كمي / _c عمر وصفي عقيلي |
|
| 250 | _aطبعة 4 | ||
| 260 |
_aعمان: _bدار وائل, _c2009 |
||
| 300 |
_a427 صفحة؛ _bإيضاحات ؛ _c24 سم |
||
| 504 | _aببليوغرافيا: ص.409 | ||
| 520 | _aوظيفة الشراء: ماهية وظيفة الشراء، تنظيم وظيفة الشراء، استراتيجيات الشراء، تحديد الحجم الاقتصادي لطلبية الشراء، اختيار مصدر الشراء المناسب، استلام وفحص المشتريات، الشراء بالجودة المناسبة، شراء التجهيزات الرأسمالية، بيع مخلفات الانتاج الصناعي، نظام المعلومات والسجلات الخاصة بوظيفة الشراء، تقييم اداء وظيفة الشراء، وظيفة التخزين: ماهية وظيفة التخزين وأهميتها، تنظيم التخزين، موقع المخازن داخل المنظمة وتصميمها وتنظيمها داخليا، تحديد مستويات المخزون، اجراءات العمل في مجال التخزين، عملية المناولة في المخازن، الرقابة على المخزون، وظيفتا الشراء والتخزين عمل متكامل في ظل نظام الاحتياجات من المواد الصناعية | ||
| 653 | _aادارة المشتريات | ||
| 653 | _aالانتاج | ||
| 653 | _aالتخزين | ||
| 653 | _aالرقابة | ||
| 700 |
_a الموسوي، منعم زمزير _eمؤلف ثانوي |
||
| 700 |
_aالعبدلي، قحطان بدر _eمؤلف ثانوي |
||
| 942 | _cكتاب | ||
| 999 |
_c41840 _d41840 |
||